Statistics for Landforms by Description Quiz

Click here to take the quiz!

General Stats

  • This quiz has been taken 18,852 times
    (18,842 since last reset)
  • The average score is 17 of 22

Answer Stats

# Clue Land Form % Correct
1Large body of saltwaterOcean
99%
3Natural flow of water that runs through landRiver
98%
16Inland body of waterLake
94%
13Area of land completely surrounded by waterIsland
93%
7Area of rugged land, generally rising more than 2,000 feet in elevationMountain
93%
19Dry area of land with little water and vegetationDesert
91%
15Heavily wooded area of landForest
90%
21Opening in the earth's crust where lava, gas and dust eruptVolcano
88%
8Area of low land between two <7>'sValley
87%
10Rounded and elevated area of land, smaller than <7>Hill
80%
20Area of land that is in <19> with a water sourceOasis
78%
5Area of land that borders <1>Coast
77%
12High and steep rock faceCliff
75%
14An area of land nearly surrounded by waterPeninsula
74%
2Large part of <1> that extends into landGulf or Bay
74%
11Nearly flat area of landPlain
72%
17Elevated area of flat landPlateau
66%
4Area where <3> deposits soil into <1> or <2>Delta
65%
9Deep, narrow variation of <8>Canyon
63%
18Narrow body of water connecting two larger bodies of waterStrait
46%
6Circular depression that forms when the roof of a cave collapsesSinkhole
33%
22Flat mass of rock that steeply falls away on all sidesMesa
33%

Score Distribution

Percentile by Number Answered

Percent of People with Each Score

Your Score History

You have not taken this quiz since the last reset